|
|
|
|
| LEADER |
01002nam a2200265 u 4500 |
| 001 |
10023383 |
| 003 |
upatras |
| 005 |
20210117205754.0 |
| 008 |
990123s1999 us eng |
| 020 |
|
|
|a 0135209412
|
| 040 |
|
|
|a GR-PaULI
|c GR-PaULI
|
| 041 |
0 |
|
|a eng
|
| 082 |
0 |
4 |
|a 621.402 2
|
| 100 |
1 |
|
|a Hagen, Kirk D.
|9 149348
|
| 245 |
1 |
0 |
|a Heat transfer with applications
|c Kirk D. Hagen
|
| 260 |
|
|
|a Upper Saddle River, N.J.
|b Prentice Hall
|c 1999
|
| 300 |
|
|
|a xvi, 688 p.
|b fig.
|c 25 cm.
|
| 504 |
|
|
|a Includes bibliographical references and index
|
| 650 |
|
4 |
|a Θερμότητα
|x Μετάδοση
|9 33432
|
| 650 |
|
4 |
|a Εφαρμοσμένη φυσική
|9 34083
|
| 852 |
|
|
|a GR-PaULI
|b ΠΑΤΡΑ
|b ΒΚΠ
|b ΒΣ1
|k ΑΣΧΞ
|h 621.402 2 H
|m 046113
|p 025000059562
|t 1
|
| 942 |
|
|
|2 ddc
|c BK15
|
| 952 |
|
|
|0 0
|1 0
|4 0
|6 621_402000000000000_2_H
|7 0
|9 190105
|a LISP
|b LISP
|c BSC
|d 2016-04-24
|i 046113
|l 0
|o 621.402 2 H
|p 025000059562
|r 2016-04-24 00:00:00
|t 1
|w 2016-04-24
|y BK15
|
| 998 |
|
|
|c MANIAKH
|d 1999-07
|
| 999 |
|
|
|c 117069
|d 117069
|